000 00438nam a22001577a 4500
005 20260109151730.0
008 260109b |||||||| |||| 00| 0 eng d
020 _a978-81-224-8454-0
100 _aBALI, N. P.
245 _aDIFFERENTIAL CALCULUS
_bB/ABSC.STUDNETS AND COMPETITIVE EXAMINATIONS
250 _a14TH ED
260 _aLONDON
_bNEW AGE
_c2024
300 _a1079P., XIII
650 _aDIFFERENTIAL CALCULUS
942 _2lcc
_cBK
999 _c216444
_d216444